000
00269nam a22001217a 4500
008
181029b xxu||||| |||| 00| 0 eng d
041
_a
eng
080
_a
902
100
_a
45
101
_a
ARKE
245
_a
The Adventure of Archaeology
_c
Lutyk, C.B
942
_2
udc
_c
BK
999
_c
51007
_d
51007